000 00656nam a2200229 i 4500
001 47478
003 ES-MaACL
005 20230906161554.0
007 t|
008 030428s1999 ag a |||| | spa d
020 _a950-754-037-7
080 _a930.85(364)
080 _a299.16
100 1 _aRosaspini Reynolds, Roberto C.
_999656
245 1 4 _aLos celtas
_b: magia, mitos y tradición /
_cRoberto C. Rosaspini Reynolds.
250 _a5ª ed.
260 _aBuenos Aires :
_bContinente,
_c1999.
300 _a188 p. :
_bil. ;
_c23 cm.
650 4 _aCivilización celta.
_911092
650 1 4 _aMitología celta.
_915098
852 _aES-MaACL
_jL-26243
999 _c47478
_d47478